| 000 | 01573nam a2200361 4500 | ||
|---|---|---|---|
| 999 |
_c15955 _d15955 |
||
| 005 | 20190802102208.0 | ||
| 010 | _aB-310261-271 B-710582 B-719516 B-728295 | ||
| 020 |
_a9780330439091 _c395.00 |
||
| 020 | _c599.00 | ||
| 035 | _aB-310261-271 | ||
| 035 | _aB-359064 | ||
| 035 | _aB-710582 | ||
| 035 | _aB-719516 | ||
| 035 | _aB-728295 | ||
| 037 | _bGDMK | ||
| 037 | _bRK Books | ||
| 037 | _bAksharesh Enterprises | ||
| 082 | _a954 | ||
| 100 |
_aBasham, A. L. _q(Arthur Llewellyn) |
||
| 245 |
_aThe wonder that was India: _ba survey of the history and culture of the Indian sub-continent before the coming of the Muslims / _cby A. L. Basham |
||
| 250 | _a3rd rev. ed | ||
| 260 |
_aLondon _bPicador _c2004 |
||
| 270 |
_a20 New Wharf Road _bLondon _eN1 9RR |
||
| 300 |
_axxxi, 572p.: _bill. _c23cm(pbk) |
||
| 500 | _aMaps on endpapers. | ||
| 504 | _aincludes bibliographical references and index. | ||
| 942 |
_2ddc _cEN _h954 _mBAS |
||